000
00189 a2200097 4500
020
_a
799070727657
041
_a
eng
100
_a
Cowley , Joy
245
_a
The boogie woogie man
942
_c
BK
999
_c
6506
_d
6506